Statistics for The Religion Quiz

Click here to take the quiz!

General Stats

  • This quiz has been taken 19 times
  • The average score is 8 of 12

Answer Stats

HintAnswer% Correct
What well-known religion do Muslims follow?Islam
100%
Who is the founder of Christianity?Jesus Christ
100%
What well-known religion believes in dharma and ahimsa?Hinduism
95%
Who is the founder of Islam?Muhammad
95%
Who is the founder of Buddhism?Buddha
89%
What’s the religion that Israeli people follows by a major percentage?Judaism
89%
What well-known religion believes that the mind is the sixth sense?Buddhism
84%
What is the most followed religion in the world?Christianity
79%
Who is the founder of Judaism?Abraham
53%
Who is the founder of Sikhism?Guru Nanak
16%
Fill this quote: “Every religion has its own ___.”beauty
5%
Who is the founder of Hinduism?Brahma
5%

Score Distribution

Percentile by Number Answered

Percent of People with Each Score

Your Score History

You have not taken this quiz